Mzdy, ceny a měnové kurzy v České republice
Ekonometrická analýza vzťahov medzi mzdami, cenami a menovými kurzami v období transformácie a pred ňou. Skrytá inflácia v predtransformačnom období v Československu v porovnaní s ostatnými centrálne plánovanými ekonomikami. Vývoj cien, úspor a menových kurzov v r. 1990-1993. Mzdy a inflácia.
Salvato in:
| Autore principale: | |
|---|---|
| Altri autori: | , |
| Natura: | Capitolo di libro |
| Lingua: | ceco |
| Soggetti: | |
| Tags: |
Nessun Tag, puoi essere il primo ad aggiungerne!!
|
MARC
| LEADER | 00000naa a2200000 4500 | ||
|---|---|---|---|
| 001 | r016679 | ||
| 005 | 20221205102507.5 | ||
| 041 | 0 | |a cze | |
| 044 | |a CZ | ||
| 245 | 1 | 0 | |a Mzdy, ceny a měnové kurzy v České republice |c Kamil Janáček, J. Hanousek, Z. Tůma |
| 520 | |a Ekonometrická analýza vzťahov medzi mzdami, cenami a menovými kurzami v období transformácie a pred ňou. Skrytá inflácia v predtransformačnom období v Československu v porovnaní s ostatnými centrálne plánovanými ekonomikami. Vývoj cien, úspor a menových kurzov v r. 1990-1993. Mzdy a inflácia. | ||
| 610 | 2 | 0 | |a analýza ekonometrická |
| 610 | 2 | 0 | |a mzdy |
| 610 | 2 | 0 | |a ceny |
| 610 | 2 | 0 | |a kurz menový |
| 610 | 2 | 0 | |a transformácia |
| 610 | 2 | 0 | |a hospodárstvo plánované |
| 610 | 2 | 0 | |a inflácia |
| 610 | 2 | 0 | |a inflácia skrytá |
| 610 | 2 | 0 | |a úspory |
| 610 | 2 | 0 | |a ČSFR |
| 610 | 2 | 0 | |a Česko |
| 610 | 2 | 0 | |a 1990-1993 |
| 100 | 1 | |a Janáček, Kamil | |
| 700 | 1 | |a Hanousek, Jan | |
| 700 | 1 | |a Tůma, Zdeněk | |